000 00585nam a2200169Ia 4500
999 _c12050
_d12050
003 OSt
005 20201028102456.0
008 190216s9999||||xx |||||||||||||| ||und||
040 _coclc
082 _a823
_bAXL/R
100 _aAxline, Virginia
_96118
245 0 _aReader`s Digest Condenced Books /
_cVirginia Axline ; Francis Clifford ; Francis Chichester ; A Scholefield ; M Stewart
260 _bGreat Brittain By Petty And Sons Ltd,
_c1976.
_aLondon:
300 _a503p
650 _aEnglish Novel-English Novel
942 _cBK
_2ddc
_h823
_iAXL/R
_k823
_mAXL/R